| 000 | 00412nam a2200145Ia 4500 | ||
|---|---|---|---|
| 008 | 210210b1967 xxu||||| |||| 00| 0 eng d | ||
| 082 | _a546 DRAP | ||
| 100 | _aDRAGO (Russell S). | ||
| 245 | _aPhysical methods in inorganic chemistry. | ||
| 260 |
_aN D _bAffiliated East-West Prees Pvt. Ltd. _c1967 |
||
| 300 | _axviii,430 | ||
| 650 | _aInorganic Chemistry | ||
| 690 | _aInorganic Chemistry | ||
| 906 | _aCC00082 | ||
| 999 |
_c108967 _d108967 |
||